[Event "España ch sub-14 2012"]
[Site "Salobreña ESP"]
[Date "2012.07.10"]
[Round "3.24"]
[White "Serrano Leiva, Ana"]
[Black "Garriga Cazorla, Pere"]
[Result "0-1"]
[WhiteElo "1579"]
[BlackElo "2056"]
[PlyCount "66"]
[EventDate "2012.07.09"]
[EventType "swiss"]
[EventRounds "9"]
[EventCountry "ESP"]
[Source "lmi"]
[SourceDate "2012.07.09"]

1. e4 c5 2. Nf3 Nc6 3. d4 cxd4 4. Nxd4 Qb6 5. Nxc6 bxc6 6. Nc3 d6 7. Bd3 Nf6 8.
O-O e6 9. Re1 Be7 10. e5 dxe5 11. Rxe5 O-O 12. Ne4 Ba6 13. b3 Bxd3 14. Qxd3
Rad8 15. Qf3 Qd4 16. Bb2 Qxb2 17. Qc3 Qxc3 18. Nxc3 Nd5 19. Nxd5 cxd5 20. Rd1
Rc8 21. Re2 Rc3 22. g3 Rfc8 23. Rdd2 Ba3 24. Rd4 Bc1 25. Kg2 Rxc2 26. Re1 Ba3
27. Ra4 Bc5 28. Rf1 e5 29. Ra5 e4 30. a3 d4 31. b4 Bb6 32. Rd5 d3 33. Rf5 Rd8
0-1

[Event "España ch sub-14 2012"]
[Site "Salobreña ESP"]
[Date "2012.07.11"]
[Round "4.1"]
[White "Suarez Gomez, Julio"]
[Black "Domingo Nunez, Alejandro"]
[Result "1-0"]
[WhiteElo "2026"]
[BlackElo "1883"]
[PlyCount "127"]
[EventDate "2012.07.09"]
[EventType "swiss"]
[EventRounds "9"]
[EventCountry "ESP"]
[Source "lmi"]
[SourceDate "2012.07.09"]

1. e4 c5 2. Nf3 d6 3. Bb5+ Nd7 4. c3 a6 5. Ba4 b5 6. Bc2 Bb7 7. O-O Ngf6 8. Qe2
c4 9. b4 g6 10. a4 Bg7 11. d4 O-O 12. Re1 Qc7 13. Bd2 e6 14. h3 Rfe8 15. a5 d5
16. e5 Ne4 17. Nh2 f6 18. f4 f5 19. Na3 Nf8 20. Bxe4 dxe4 21. Nc2 Bd5 22. Ne3
Qe7 23. Qf2 Rad8 24. Rf1 Rd7 25. Qg3 Kh8 26. Be1 Bc6 27. Qh4 Qxh4 28. Bxh4 h6
29. g4 Kh7 30. Rad1 Bd5 31. Rf2 Rf7 32. Bg3 Ree7 33. Nhf1 Rd7 34. Kh2 Rd8 35.
Nd2 Bh8 36. Rg1 Rdd7 37. Ndf1 Rd8 38. Kh1 Rdd7 39. Bh2 Bc6 40. Bg3 Bb7 41. Kh2
Bc6 42. Nd2 Rc7 43. Rd1 Rcd7 44. Ndf1 Bd5 45. Nxd5 exd5 46. Ne3 Ne6 47. Kh1 Nc7
48. Bh2 Rde7 49. Rg1 Re6 50. Rfg2 Rf8 51. gxf5 gxf5 52. h4 Rc6 53. h5 Re6 54.
Rg6 Rxg6 55. Rxg6 Rf7 56. Bg3 Bg7 57. Bh4 Kh8 58. e6 Rf8 59. e7 Re8 60. Nxf5
Rg8 61. Nxg7 Kh7 62. Ne6 Ne8 63. f5 Nd6 64. Nf8+ 1-0

[Event "España ch sub-14 2012"]
[Site "Salobreña ESP"]
[Date "2012.07.11"]
[Round "4.2"]
[White "Portela Peleteiro, Alberto"]
[Black "Alvarez Nistal, David"]
[Result "1/2-1/2"]
[WhiteElo "1927"]
[BlackElo "1861"]
[PlyCount "93"]
[EventDate "2012.07.09"]
[EventType "swiss"]
[EventRounds "9"]
[EventCountry "ESP"]
[Source "lmi"]
[SourceDate "2012.07.09"]

1. e4 e5 2. Nf3 Nc6 3. Bb5 a6 4. Ba4 Nf6 5. O-O Be7 6. d4 exd4 7. Re1 b5 8. Bb3
d6 9. Bd5 Nxd5 10. exd5 Ne5 11. Nxd4 O-O 12. a4 Bd7 13. Nc3 b4 14. Nce2 Re8 15.
b3 Bf6 16. Bb2 Ng6 17. Qd2 Rb8 18. c4 Be5 19. f4 Bf6 20. Ng3 a5 21. Nh5 Bxd4+
22. Qxd4 Rxe1+ 23. Rxe1 f6 24. Kf2 Qf8 25. h3 Re8 26. Rxe8 Bxe8 27. g4 Ne7 28.
Ng3 Bd7 29. f5 Nc8 30. Ne2 Nb6 31. Nf4 Nc8 32. Qe4 Qe7 33. Ne6 Bxe6 34. Qxe6+
Qxe6 35. dxe6 Ne7 36. Ke3 Nc6 37. Ke4 Kf8 38. Kd5 Ne7+ 39. Ke4 Nc6 40. h4 h6
41. Kf4 Ne5 42. Bxe5 dxe5+ 43. Ke4 c6 44. g5 hxg5 45. hxg5 Ke7 46. gxf6+ gxf6
47. c5 1/2-1/2

[Event "España ch sub-14 2012"]
[Site "Salobreña ESP"]
[Date "2012.07.11"]
[Round "4.3"]
[White "Guerra Arrocha, Daniel"]
[Black "Medina Masdeu, Rasen"]
[Result "1/2-1/2"]
[WhiteElo "1825"]
[BlackElo "1923"]
[PlyCount "87"]
[EventDate "2012.07.09"]
[EventType "swiss"]
[EventRounds "9"]
[EventCountry "ESP"]
[Source "lmi"]
[SourceDate "2012.07.09"]

1. e4 c5 2. Nf3 g6 3. c4 Nc6 4. d4 cxd4 5. Nxd4 Nf6 6. Nc3 d6 7. Be2 Nxd4 8.
Qxd4 Bg7 9. Be3 O-O 10. Qd2 Bd7 11. O-O a6 12. Rac1 b5 13. f3 b4 14. Nd5 Nxd5
15. cxd5 a5 16. Bd4 Bxd4+ 17. Qxd4 Qb8 18. Kf2 Rc8 19. a3 bxa3 20. bxa3 Qb3 21.
Qe3 Ba4 22. Qxb3 Bxb3 23. Ke3 Kf8 24. Kd2 Ba4 25. Rc4 Rxc4 26. Bxc4 Rb8 27. Kc3
Ke8 28. f4 Kd7 29. Rf2 Rb1 30. Rb2 Rxb2 31. Kxb2 Kc7 32. Kc3 Kb6 33. Be2 Kc5
34. g4 Bd7 35. h4 h6 36. f5 g5 37. hxg5 hxg5 38. Bc4 Ba4 39. Bb3 Bb5 40. Bd1
Ba6 41. Bf3 Bf1 42. Bd1 Bc4 43. Bf3 Bf1 44. Bd1 1/2-1/2

[Event "España ch sub-14 2012"]
[Site "Salobreña ESP"]
[Date "2012.07.11"]
[Round "4.4"]
[White "Perez Garcia, Alejandro"]
[Black "Fernandez Cano, Victor"]
[Result "1/2-1/2"]
[WhiteElo "1902"]
[BlackElo "1839"]
[PlyCount "131"]
[EventDate "2012.07.09"]
[EventType "swiss"]
[EventRounds "9"]
[EventCountry "ESP"]
[Source "lmi"]
[SourceDate "2012.07.09"]

1. c4 e6 2. Nc3 Nf6 3. Nf3 c5 4. d4 d5 5. e3 Nc6 6. cxd5 exd5 7. Bb5 a6 8.
Bxc6+ bxc6 9. Qa4 Qc7 10. Ne5 Bb7 11. O-O Bd6 12. f4 O-O 13. Bd2 Rfe8 14. Nd3
Nd7 15. Rf3 Nb6 16. Qc2 cxd4 17. exd4 Nc4 18. b3 Nxd2 19. Qxd2 Qb6 20. Qf2 f6
21. Na4 Qc7 22. Re1 Qf7 23. Nac5 Rxe1+ 24. Qxe1 Bc8 25. f5 Qh5 26. Rh3 Qf7 27.
Ne6 Bxe6 28. fxe6 Qe7 29. Re3 Re8 30. Qc3 Qc7 31. g3 Qc8 32. Qe1 Qc7 33. b4 Qb6
34. Qc3 Kf8 35. a3 Qb5 36. Kf2 Ra8 37. Nc5 Bxc5 38. Qxc5+ Qxc5 39. bxc5 Rb8 40.
e7+ Kf7 41. h4 a5 42. a4 h6 43. Kf3 h5 44. Kf2 Rb2+ 45. Kf3 Ke8 46. Re6 Rb3+
47. Kf2 Rb4 48. Rxc6 Rxd4 49. Rd6 Kxe7 50. Ke3 Rg4 51. Kf3 Rxa4 52. Rxd5 g6 53.
c6 Rc4 54. Rxa5 Rxc6 55. Ra7+ Ke6 56. Ra5 Rd6 57. Rb5 Rd5 58. Rb4 Rd3+ 59. Kf4
Rd6 60. Rb5 Rd4+ 61. Kf3 Rg4 62. Rb6+ Ke5 63. Rb5+ Kd4 64. Rb4+ Ke5 65. Rxg4
hxg4+ 66. Kxg4 1/2-1/2

[Event "España ch sub-14 2012"]
[Site "Salobreña ESP"]
[Date "2012.07.11"]
[Round "4.5"]
[White "Ucles Lirola, Moises"]
[Black "Salagran Ferragut, Guillem"]
[Result "1/2-1/2"]
[WhiteElo "1821"]
[BlackElo "1899"]
[PlyCount "111"]
[EventDate "2012.07.09"]
[EventType "swiss"]
[EventRounds "9"]
[EventCountry "ESP"]
[Source "lmi"]
[SourceDate "2012.07.09"]

1. Nf3 c5 2. g3 g6 3. Bg2 Bg7 4. d3 Nc6 5. e4 d6 6. O-O e5 7. Nc3 Nge7 8. Nh4
O-O 9. f4 Nd4 10. f5 gxf5 11. Qh5 f4 12. gxf4 Ng6 13. Nf5 Bxf5 14. exf5 Qh4 15.
Qxh4 Nxh4 16. Bxb7 Rab8 17. Be4 f6 18. fxe5 fxe5 19. Rf2 Nhxf5 20. Nd5 Nh4 21.
Be3 Nhf3+ 22. Kg2 Nh4+ 23. Kg3 Rxf2 24. Bxf2 Nhf5+ 25. Kg4 Nh6+ 26. Kh5 Rxb2
27. Bxd4 cxd4 28. Nf6+ Bxf6 29. Kxh6 Bg7+ 30. Kg5 Rxc2 31. h3 Rc5 32. Rb1 Rc7
33. Bd5+ Kf8 34. Kf5 Ke7 35. Rb7 Rxb7 36. Bxb7 Bh6 37. Bc6 Bf4 38. Bd5 h6 39.
Bg8 Kd7 40. Bd5 a5 41. Ke4 Kc7 42. Kf5 Kb6 43. Ke4 Kc5 44. Bc4 Kb4 45. Bd5 Kc3
46. Bc4 Kd2 47. Bd5 Ke2 48. Bc4 Kf2 49. Be6 Kg3 50. Bg4 Kh4 51. Be6 h5 52. Bd7
Kg3 53. Be8 h4 54. Bd7 d5+ 55. Kxd5 Kf3 56. Bf5 1/2-1/2

[Event "España ch sub-14 2012"]
[Site "Salobreña ESP"]
[Date "2012.07.11"]
[Round "4.6"]
[White "Castellet Menchon, Cora"]
[Black "Santos Ruiz, Miguel"]
[Result "0-1"]
[WhiteElo "1823"]
[BlackElo "2106"]
[PlyCount "68"]
[EventDate "2012.07.09"]
[EventType "swiss"]
[EventRounds "9"]
[EventCountry "ESP"]
[Source "lmi"]
[SourceDate "2012.07.09"]

1. d4 Nf6 2. c4 c5 3. d5 b5 4. cxb5 a6 5. bxa6 g6 6. Nc3 Bxa6 7. Nf3 d6 8. g3
Bg7 9. Bg2 Nfd7 10. Bd2 Nb6 11. b3 Bb7 12. Nh4 Na6 13. e4 Nb4 14. Bf1 O-O 15.
a3 f5 16. axb4 Rxa1 17. Qxa1 cxb4 18. Bh3 fxe4 19. Be6+ Kh8 20. Qc1 bxc3 21.
Bxc3 Bxc3+ 22. Qxc3+ Rf6 23. Qd4 Nxd5 24. O-O Qb6 25. Qxb6 Nxb6 26. Bg4 d5 27.
Ra1 Na8 28. Ng2 Rb6 29. Rb1 Nc7 30. b4 d4 31. Ne1 Nd5 32. b5 Nc3 33. Rb4 d3 34.
Ng2 h5 0-1

[Event "España ch sub-14 2012"]
[Site "Salobreña ESP"]
[Date "2012.07.11"]
[Round "4.7"]
[White "Munoz Pelaez, Manuel"]
[Black "Ponce Cano, Adrian"]
[Result "1/2-1/2"]
[WhiteElo "1805"]
[BlackElo "1995"]
[PlyCount "64"]
[EventDate "2012.07.09"]
[EventType "swiss"]
[EventRounds "9"]
[EventCountry "ESP"]
[Source "lmi"]
[SourceDate "2012.07.09"]

1. e4 c5 2. Nf3 Nc6 3. d4 cxd4 4. Nxd4 e6 5. a3 Nf6 6. Nc3 d5 7. exd5 exd5 8.
Be2 Be7 9. O-O O-O 10. Be3 Ne5 11. h3 a6 12. Re1 h6 13. Bf4 Ng6 14. Bh2 Ne4 15.
Nxe4 dxe4 16. Nb3 Bf6 17. Qxd8 Rxd8 18. c3 b6 19. Rad1 Be6 20. Nd2 Bd5 21. Bc4
Bc6 22. Nxe4 Bxe4 23. Rxd8+ Rxd8 24. Rxe4 Rd1+ 25. Bf1 Rb1 26. Re2 Be7 27. Bc7
b5 28. g3 Bc5 29. Kg2 Kf8 30. Rd2 Ke7 31. Bd3 Re1 32. Bxg6 fxg6 1/2-1/2

[Event "España ch sub-14 2012"]
[Site "Salobreña ESP"]
[Date "2012.07.11"]
[Round "4.8"]
[White "Lopez Rivera, Jesus"]
[Black "Bas Mas, Miguel"]
[Result "0-1"]
[WhiteElo "1800"]
[BlackElo "1927"]
[PlyCount "91"]
[EventDate "2012.07.09"]
[EventType "swiss"]
[EventRounds "9"]
[EventCountry "ESP"]
[Source "lmi"]
[SourceDate "2012.07.09"]

1. e4 c5 2. Nf3 e6 3. d4 cxd4 4. Nxd4 a6 5. Bd3 Nf6 6. c4 Nc6 7. Nxc6 dxc6 8.
O-O e5 9. h3 Bc5 10. Qc2 O-O 11. Bd2 Nh5 12. Be3 Bxe3 13. fxe3 Bxh3 14. gxh3
Qg5+ 15. Kf2 Qh4+ 16. Kf3 Qxh3+ 17. Kf2 Qh4+ 18. Kf3 f5 19. exf5 Qh3+ 20. Kf2
Ng3 21. Nd2 e4 22. Bxe4 Qh2+ 23. Kf3 Nxe4 24. Qxe4 Qxd2 25. Qe6+ Kh8 26. Rf2
Qd3 27. Rh2 Qxf5+ 28. Qxf5 Rxf5+ 29. Ke2 Re8 30. Rd1 Rfe5 31. Rh3 h6 32. Rd7
R5e7 33. Rxe7 Rxe7 34. Rh4 Kh7 35. Rd4 h5 36. Kd3 Kh6 37. c5 Kg5 38. b4 h4 39.
Rd8 Kg4 40. e4 h3 41. Ke3 Kg3 42. Rh8 g5 43. Rh5 g4 44. e5 h2 45. a4 Rxe5+ 46.
Kd4 0-1

[Event "España ch sub-14 2012"]
[Site "Salobreña ESP"]
[Date "2012.07.11"]
[Round "4.9"]
[White "Ventura Bolet, Alexandre"]
[Black "Goni Navarro, Pablo"]
[Result "1-0"]
[WhiteElo "1925"]
[BlackElo "1666"]
[PlyCount "99"]
[EventDate "2012.07.09"]
[EventType "swiss"]
[EventRounds "9"]
[EventCountry "ESP"]
[Source "lmi"]
[SourceDate "2012.07.09"]

1. e4 c5 2. Nf3 d6 3. d4 Nf6 4. Nc3 cxd4 5. Nxd4 a6 6. Be2 e5 7. Nb3 Be6 8. O-O
Be7 9. Re1 Nbd7 10. Bf1 O-O 11. Nd5 Nxd5 12. exd5 Bf5 13. f4 exf4 14. Bxf4 Bf6
15. c3 Be5 16. Bxe5 Nxe5 17. Nd4 Bg6 18. Nf3 Nxf3+ 19. Qxf3 Qb6+ 20. Qf2 Qxf2+
21. Kxf2 Rfe8 22. Rxe8+ Rxe8 23. Re1 Rxe1 24. Kxe1 Be4 25. c4 a5 26. Kd2 Kf8
27. Kc3 b6 28. b4 Bf5 29. bxa5 bxa5 30. c5 dxc5 31. Kc4 Bb1 32. a3 Ke7 33. Kxc5
Ba2 34. d6+ Kd8 35. Bb5 Bb3 36. a4 f5 37. Kb6 g5 38. Kxa5 Bd5 39. g3 f4 40.
gxf4 gxf4 41. Kb6 f3 42. a5 f2 43. a6 Ba8 44. a7 h6 45. h3 Kc8 46. h4 Kd8 47.
Kc5 Kc8 48. Kd4 Kb7 49. Ke3 f1=Q 50. Bxf1 1-0

[Event "España ch sub-14 2012"]
[Site "Salobreña ESP"]
[Date "2012.07.11"]
[Round "4.10"]
[White "Fernandez Gil, Ruben Carlos"]
[Black "Zhynguel Ramirez De Verger, Ale"]
[Result "1/2-1/2"]
[WhiteElo "1899"]
[BlackElo "1650"]
[PlyCount "94"]
[EventDate "2012.07.09"]
[EventType "swiss"]
[EventRounds "9"]
[EventCountry "ESP"]
[Source "lmi"]
[SourceDate "2012.07.09"]

1. e4 c5 2. Nf3 d6 3. d4 cxd4 4. Nxd4 Nf6 5. Nc3 a6 6. h3 e5 7. Nde2 Be6 8. g4
d5 9. exd5 Nxd5 10. Bg2 Nxc3 11. Qxd8+ Kxd8 12. Nxc3 Nc6 13. Be3 Bb4 14. O-O-O+
Ke7 15. Nd5+ Bxd5 16. Rxd5 Rhd8 17. Rhd1 Rxd5 18. Rxd5 Rd8 19. Rxd8 Kxd8 20. c3
Bd6 21. Kc2 Kc7 22. Kd3 Ne7 23. Ke4 g6 24. g5 Nf5 25. Bd2 b6 26. Bf1 b5 27. Bd3
Kc6 28. Bc2 Ng7 29. Bb3 Ne6 30. Be3 Bc7 31. c4 b4 32. Ba4+ Kd6 33. Bd2 Nc5+ 34.
Ke3 Nxa4 35. Bxb4+ Ke6 36. b3 Nb6 37. Ke4 Nc8 38. c5 Ne7 39. Bd2 Nf5 40. b4 Nd4
41. a4 Bb8 42. Bc3 Nb3 43. Bb2 Bc7 44. Ba3 Nd4 45. Bb2 Nb3 46. Ba3 Nd4 47. Bb2
Nb3 1/2-1/2

[Event "España ch sub-14 2012"]
[Site "Salobreña ESP"]
[Date "2012.07.11"]
[Round "4.11"]
[White "Gonzalez Capacete, Jose Miguel"]
[Black "Aguila Hernandez, Eduardo"]
[Result "0-1"]
[WhiteElo "1781"]
[BlackElo "1893"]
[PlyCount "37"]
[EventDate "2012.07.09"]
[EventType "swiss"]
[EventRounds "9"]
[EventCountry "ESP"]
[Source "lmi"]
[SourceDate "2012.07.09"]

1. e4 c5 2. Nf3 e6 3. c3 Nf6 4. e5 Nd5 5. d4 cxd4 6. cxd4 d6 7. g3 Be7 8. Bg2
Bd7 9. Nc3 Nxc3 10. bxc3 Bb5 11. c4 Bxc4 12. Bf4 d5 13. Qd2 Nc6 14. Rb1 a5 15.
Bg5 f6 16. Bxf6 gxf6 17. exf6 Bxf6 18. Rxb7 Rb8 19. Qd1 0-1

[Event "España ch sub-14 2012"]
[Site "Salobreña ESP"]
[Date "2012.07.11"]
[Round "4.12"]
[White "Laiz Ibanez, Hector"]
[Black "Plazuelo Pascual, Juan"]
[Result "1-0"]
[WhiteElo "1838"]
[BlackElo "1703"]
[PlyCount "57"]
[EventDate "2012.07.09"]
[EventType "swiss"]
[EventRounds "9"]
[EventCountry "ESP"]
[Source "lmi"]
[SourceDate "2012.07.09"]

1. b3 e5 2. Bb2 Nc6 3. e3 Nf6 4. Bb5 d6 5. Ne2 Bd7 6. c4 a6 7. Ba4 Be7 8. Nbc3
O-O 9. d3 Nb4 10. Bxd7 Qxd7 11. a3 Nc6 12. Qc2 d5 13. cxd5 Nxd5 14. O-O Rad8
15. Rfd1 f5 16. d4 e4 17. Nxd5 Qxd5 18. Nf4 Qd7 19. d5 Nb8 20. Ne6 Bf6 21. Bxf6
Rxf6 22. Nxd8 Qxd8 23. Rac1 Rf7 24. h3 Qd6 25. Qc5 Qxc5 26. Rxc5 c6 27. Kf1 Rd7
28. Ke2 b6 29. dxc6 1-0

[Event "España ch sub-14 2012"]
[Site "Salobreña ESP"]
[Date "2012.07.11"]
[Round "4.13"]
[White "Garriga Cazorla, Pere"]
[Black "Hernandez Mateo, Borja"]
[Result "1-0"]
[WhiteElo "2056"]
[BlackElo "1711"]
[PlyCount "129"]
[EventDate "2012.07.09"]
[EventType "swiss"]
[EventRounds "9"]
[EventCountry "ESP"]
[Source "lmi"]
[SourceDate "2012.07.09"]

1. d4 d5 2. Nf3 e6 3. c4 Nf6 4. Nc3 Nbd7 5. Bg5 Be7 6. e3 O-O 7. cxd5 Nxd5 8.
Bxe7 Qxe7 9. Bd3 Nxc3 10. bxc3 e5 11. Qc2 h6 12. O-O Re8 13. e4 c5 14. d5 a6
15. a4 Nf6 16. Nd2 Nh5 17. Nc4 Nf4 18. f3 Qg5 19. Rfd1 Bh3 20. Bf1 Rad8 21. Kh1
Bc8 22. Qf2 b5 23. Na5 c4 24. axb5 axb5 25. Qc5 Bd7 26. Nb7 Rc8 27. Qe3 Qf6 28.
Qa7 Ra8 29. Qc5 Rec8 30. Qg1 Qe7 31. Rxa8 Rxa8 32. Nc5 Qd6 33. g3 Ng6 34. Nxd7
Qxd7 35. Qc5 Rc8 36. Qb6 Rc7 37. Ra1 Rb7 38. Qc5 Rc7 39. Qb4 Rb7 40. h4 Ne7 41.
Kh2 Nc8 42. Bh3 Qc7 43. Ra8 Rb8 44. Rxb8 Qxb8 45. Bxc8 Qxc8 46. Qxb5 Kf8 47. d6
f6 48. d7 Qc7 49. Qxc4 Qxc4 50. d8=Q+ Kf7 51. Qd5+ Qxd5 52. exd5 Ke7 53. c4 Kd6
54. g4 g6 55. Kg3 f5 56. h5 f4+ 57. Kh4 g5+ 58. Kh3 Kc5 59. Kg2 Kd6 60. Kf2 Kc5
61. Ke2 Kd6 62. Kd3 Kc5 63. Ke4 Kd6 64. Kf5 e4 65. Kxe4 1-0

[Event "España ch sub-14 2012"]
[Site "Salobreña ESP"]
[Date "2012.07.11"]
[Round "4.14"]
[White "Dominguez Fernandez, Angel"]
[Black "Bru Rullo, Llatzer"]
[Result "0-1"]
[WhiteElo "1673"]
[BlackElo "2051"]
[PlyCount "86"]
[EventDate "2012.07.09"]
[EventType "swiss"]
[EventRounds "9"]
[EventCountry "ESP"]
[Source "lmi"]
[SourceDate "2012.07.09"]

1. e4 e5 2. Nf3 Nc6 3. Bb5 a6 4. Ba4 Nf6 5. O-O b5 6. Bb3 Be7 7. Re1 O-O 8. d4
d6 9. Bd5 Nxd5 10. exd5 Nxd4 11. Nxd4 exd4 12. Qxd4 Bf6 13. Qd3 Re8 14. Rd1 Qe7
15. Nd2 Bg4 16. Nf3 Bxf3 17. gxf3 Be5 18. f4 Bf6 19. c3 Qd7 20. Be3 Qg4+ 21.
Kf1 Qf3 22. Kg1 Bh4 23. Rd2 Re4 24. Qf1 Rxe3 25. fxe3 Qxe3+ 26. Rf2 Re8 27. Rd1
Re4 28. Kg2 Bxf2 29. Qxf2 Qxf4 30. Qxf4 Rxf4 31. Re1 Kf8 32. Kg3 Rf5 33. Rd1
Re5 34. Kf3 f5 35. Rd4 Ke7 36. c4 Re4 37. Rd3 Rxc4 38. Ra3 Rc2 39. h3 Rxb2 40.
Rxa6 Rd2 41. Ra7 Kd7 42. a4 bxa4 43. Rxa4 Rxd5 0-1

[Event "España ch sub-14 2012"]
[Site "Salobreña ESP"]
[Date "2012.07.11"]
[Round "4.15"]
[White "Rodriguez Dominguez, Miguel"]
[Black "Balbuena Fuentes, Mario"]
[Result "0-1"]
[WhiteElo "1659"]
[BlackElo "1899"]
[PlyCount "44"]
[EventDate "2012.07.09"]
[EventType "swiss"]
[EventRounds "9"]
[EventCountry "ESP"]
[Source "lmi"]
[SourceDate "2012.07.09"]

1. d4 Nf6 2. Nf3 e6 3. c4 b6 4. Nc3 Bb7 5. e3 Bb4 6. Bd3 O-O 7. O-O Bxc3 8.
bxc3 d6 9. Re1 Ne4 10. Qc2 f5 11. Bb2 Nd7 12. Rad1 Ndf6 13. Qb3 Ng4 14. Re2 Qf6
15. d5 e5 16. Bxe4 fxe4 17. Nd2 Qh4 18. Nf1 Nxf2 19. g3 Nh3+ 20. Kg2 Qg4 21.
Qc2 Qf3+ 22. Kxh3 Bc8+ 0-1

[Event "España ch sub-14 2012"]
[Site "Salobreña ESP"]
[Date "2012.07.11"]
[Round "4.16"]
[White "Ortega Lopez, Mikel"]
[Black "Soriano Gracia, Manuel"]
[Result "1-0"]
[WhiteElo "1897"]
[BlackElo "1638"]
[PlyCount "53"]
[EventDate "2012.07.09"]
[EventType "swiss"]
[EventRounds "9"]
[EventCountry "ESP"]
[Source "lmi"]
[SourceDate "2012.07.09"]

1. e4 e5 2. Nf3 Nc6 3. Bb5 a6 4. Ba4 Nf6 5. O-O Be7 6. Re1 b5 7. Bb3 d6 8. c3
O-O 9. d3 Na5 10. Bc2 c5 11. d4 Bg4 12. dxe5 dxe5 13. Qxd8 Rfxd8 14. Nxe5 Be6
15. h3 Bd6 16. Nf3 Bc7 17. Nbd2 Nc6 18. Nf1 Nd7 19. Be3 c4 20. Nd4 Nde5 21.
Rad1 Nxd4 22. cxd4 Ng6 23. Ng3 h6 24. Ne2 Nh4 25. Rf1 f5 26. Bf4 Bb6 27. Bg3
1-0

[Event "España ch sub-14 2012"]
[Site "Salobreña ESP"]
[Date "2012.07.11"]
[Round "4.17"]
[White "Cortes Cabeza, Cameron"]
[Black "Alba Fernandez, Nicolas"]
[Result "1-0"]
[WhiteElo "1633"]
[BlackElo "1883"]
[PlyCount "159"]
[EventDate "2012.07.09"]
[EventType "swiss"]
[EventRounds "9"]
[EventCountry "ESP"]
[Source "lmi"]
[SourceDate "2012.07.09"]

1. d4 Nf6 2. Nf3 g6 3. Bg5 Bg7 4. c4 c5 5. Nc3 cxd4 6. Nxd4 Qa5 7. Bd2 Qb6 8.
Nb3 d6 9. e3 O-O 10. Be2 Be6 11. O-O Nbd7 12. Nb5 Qd8 13. N5d4 Ne4 14. Qc2 Nxd2
15. Qxd2 Nc5 16. Rac1 a5 17. Rfd1 Bd7 18. Bf3 Ba4 19. Nxc5 dxc5 20. b3 cxd4 21.
bxa4 dxe3 22. Qxe3 Qc7 23. Rd5 Rfd8 24. Rc5 Qd7 25. Rb5 Qd2 26. Qxd2 Rxd2 27.
Rxb7 Rxa2 28. Rxe7 Ra6 29. c5 Bd4 30. c6 Bxf2+ 31. Kh1 Bb6 32. c7 Bxc7 33.
Rexc7 Rxa4 34. h3 Rf6 35. Ra7 Kg7 36. Rc5 Ra1+ 37. Kh2 a4 38. Rc4 a3 39. Rca4
h5 40. Rxa3 Rxa3 41. Rxa3 h4 42. Ra4 g5 43. Ra5 Kh6 44. Ra8 Kg7 45. Ra5 Kh6 46.
Re5 Rf4 47. Rd5 Rf6 48. Bg4 Kg6 49. Rd8 Kg7 50. Rd7 Kg6 51. Bd1 Kg7 52. Bc2 Kh6
53. Re7 Kg7 54. Re8 Rf4 55. Re5 Kh6 56. Kg1 Rf6 57. Rf5 Kg6 58. Rxf6+ Kxf6 59.
Kf2 Ke5 60. Kf3 f5 61. Bb1 Kf6 62. Ba2 Ke5 63. Bc4 Kf6 64. Be2 Ke6 65. Ke3 Ke5
66. Bh5 Kd5 67. Bg6 Ke5 68. Kf3 Kf6 69. Be8 Ke6 70. Bc6 Kf6 71. Bd7 Ke5 72. Bc8
Kf6 73. Ke3 Ke5 74. Kf3 Kf6 75. Kf2 Ke5 76. Ke3 Kf6 77. Kd4 g4 78. hxg4 h3 79.
gxh3 fxg4 80. hxg4 1-0

[Event "España ch sub-14 2012"]
[Site "Salobreña ESP"]
[Date "2012.07.11"]
[Round "4.18"]
[White "Ribera Cebolla, Marc"]
[Black "Mari Copa, Adria"]
[Result "1-0"]
[WhiteElo "1883"]
[BlackElo "1658"]
[PlyCount "121"]
[EventDate "2012.07.09"]
[EventType "swiss"]
[EventRounds "9"]
[EventCountry "ESP"]
[Source "lmi"]
[SourceDate "2012.07.09"]

1. e4 c5 2. Nf3 Nc6 3. d4 cxd4 4. Nxd4 Nf6 5. Nc3 g6 6. Be3 Bg7 7. f3 O-O 8.
Qd2 d5 9. exd5 Nxd5 10. Nxc6 bxc6 11. Bd4 Bxd4 12. Qxd4 Qa5 13. Qa4 Qxa4 14.
Nxa4 Rd8 15. O-O-O Bf5 16. Re1 Kf8 17. g4 Bc8 18. Nc5 Nb6 19. h4 Rd5 20. Ne4 h6
21. c4 Rd4 22. b3 a5 23. Kc2 a4 24. Kc3 Rd8 25. b4 Ra7 26. Nc5 Nd7 27. Rd1 Ke8
28. Nxd7 Raxd7 29. Rxd7 Rxd7 30. Bd3 Rd6 31. c5 Rd8 32. Rh2 Bd7 33. a3 Rb8 34.
h5 g5 35. Rf2 e5 36. Be4 Ke7 37. Rd2 Rc8 38. Rd6 f6 39. Bd3 Ra8 40. Be4 Rc8 41.
Kc4 Rc7 42. b5 cxb5+ 43. Kd5 b4 44. axb4 a3 45. Bb1 Be8 46. Ra6 Rd7+ 47. Kc4
Rd4+ 48. Kc3 Rf4 49. Be4 f5 50. Ra7+ Kd8 51. Bxf5 Rxf3+ 52. Kc4 Bxh5 53. Ra8+
Ke7 54. c6 Kd6 55. Kb5 Bf7 56. Rd8+ Kc7 57. Rd7+ Kb8 58. c7+ Kb7 59. Rxf7 Rxf5
60. Rxf5 a2 61. Rf1 1-0

[Event "España ch sub-14 2012"]
[Site "Salobreña ESP"]
[Date "2012.07.11"]
[Round "4.19"]
[White "Centron Antuna, Daniel"]
[Black "Jane Besora, Jordi"]
[Result "1/2-1/2"]
[WhiteElo "1655"]
[BlackElo "1814"]
[PlyCount "127"]
[EventDate "2012.07.09"]
[EventType "swiss"]
[EventRounds "9"]
[EventCountry "ESP"]
[Source "lmi"]
[SourceDate "2012.07.09"]

1. d4 d5 2. Nf3 Nf6 3. Bf4 e6 4. h3 Bd6 5. Bxd6 Qxd6 6. c3 Nbd7 7. e3 c5 8. Bd3
O-O 9. Nbd2 Qc7 10. Rc1 c4 11. Bb1 b5 12. O-O Bb7 13. Re1 e5 14. dxe5 Nxe5 15.
Nxe5 Qxe5 16. Nf3 Qh5 17. Nd4 Qxd1 18. Rcxd1 a6 19. Bc2 Rac8 20. Nf5 Rc7 21.
Rd4 g6 22. Ng3 Re8 23. Red1 Kg7 24. Ne2 Bc6 25. a3 a5 26. Nf4 b4 27. axb4 axb4
28. cxb4 Rb7 29. b3 Rxb4 30. bxc4 dxc4 31. Rd6 Rc8 32. Rc1 Bb7 33. f3 Rb2 34.
Rd2 c3 35. Rf2 Ba6 36. Nd3 Ra2 37. Nb4 Ra3 38. Nxa6 Rxa6 39. Re2 Ra2 40. Bd1
Rxe2 41. Bxe2 Nd5 42. Kf2 c2 43. Bd3 Nb4 44. Ke2 Rc3 45. Bb5 Na2 46. Kd2 Rb3
47. Rxc2 Rxb5 48. Rxa2 Rg5 49. Kd3 Rb5 50. Rc2 Rb4 51. e4 Kf6 52. g3 Rb3+ 53.
Ke2 h5 54. Kf2 Ke6 55. g4 hxg4 56. hxg4 g5 57. Rc5 f6 58. Ke2 Ra3 59. Rc2 Ke5
60. Rc5+ Ke6 61. Rd5 Rb3 62. Rd3 Rb1 63. Ke3 Ke5 64. Rd5+ 1/2-1/2

[Event "España ch sub-14 2012"]
[Site "Salobreña ESP"]
[Date "2012.07.11"]
[Round "4.20"]
[White "Zuniga Arraras, Marina"]
[Black "Ruperez Benito, Antonio"]
[Result "0-1"]
[WhiteElo "1566"]
[BlackElo "1812"]
[PlyCount "106"]
[EventDate "2012.07.09"]
[EventType "swiss"]
[EventRounds "9"]
[EventCountry "ESP"]
[Source "lmi"]
[SourceDate "2012.07.09"]

1. e4 c6 2. Nc3 d5 3. Nf3 dxe4 4. Nxe4 Nf6 5. Nxf6+ exf6 6. d4 Bd6 7. c3 Bg4 8.
Be2 Nd7 9. Be3 Qc7 10. h3 Bh5 11. O-O O-O 12. Nh4 Bxe2 13. Qxe2 g6 14. Qg4 h5
15. Qe2 Rfe8 16. Qd3 f5 17. Nf3 Nf6 18. Ng5 Ne4 19. Nf3 Re7 20. Rfe1 Rae8 21.
Bd2 c5 22. dxc5 Bxc5 23. Be3 Rd8 24. Bd4 Red7 25. Qe3 Bxd4 26. Nxd4 Qb6 27. Qe2
Re8 28. Qc2 Rde7 29. Rad1 Qc7 30. Re2 Ng5 31. Rde1 Ne6 32. Qd2 Nxd4 33. Rxe7
Nf3+ 34. gxf3 Rxe7 35. Rxe7 Qxe7 36. c4 Qh4 37. Qd5 Qg5+ 38. Kh2 Qe7 39. Qd4 b6
40. Qd3 Qe5+ 41. Kg2 Qxb2 42. Qb3 Qxb3 43. axb3 a5 44. Kg3 Kf8 45. Kf4 f6 46.
Ke3 Ke7 47. Kd4 Kd6 48. Kc3 Kc5 49. Kd3 Kb4 50. Kc2 a4 51. bxa4 Kxc4 52. a5
bxa5 53. Kb2 Kd3 0-1